Statistics for Airlines That Serve Regina (YQR)

Click here to take the quiz!

General Stats

  • This quiz has been taken 6 times
  • The average score is 3 of 6

Answer Stats

CountryAnswer% Correct
CanadaAir Canada
100%
CanadaAir Canada Express
50%
CanadaWestjet
50%
CanadaWestjet Encore
50%
CanadaExpressAir
0%
CanadaFlair Airlines
0%

Score Distribution

Percentile by Number Answered

Percent of People with Each Score

Your Score History

You have not taken this quiz